Statistiques concernant Pierre Desproges

Cliquez ici pour prendre le quiz!

Statistiques générales

  • Ce quiz a été pris 5 fois
  • Le résultat moyen est 4 sur 9

Statistiques - réponses

HintRéponse% Correct
NationalitéFrançais
100%
Année de Naissance1939
67%
Année de Décès1988
67%
Réputé pour quel type d'humour ?Absurde / Humour Noir
67%
Cause de son décès ?Cancer du poumon
67%
A quelle guerre a-t-il partcipé ?Guerre d'Algérie
33%
Lieu de SépultureCimetière Père-Lachaise
0%
Quel est le premier journal qu'il a rejointL'Aurore
0%
Emission radio qu'il a crée en 1980Le Tribunal des flagrants délires
0%

Distribution des résultats

Percentile par nombre de réponses

% des personnes avec chaque résultat

Votre développement - résultats

Vous n’avez pas pris ce quiz